[Event "Mistrzostwa Polski Mlodzikow do 10 lat  - chlopcy"]
[Site "Chrusty k. Zagnanska"]
[Date "1899-12-30"]
[Round "7.5"]
[White "Grzebieniowski, Michal"]
[Black "Grot, Blazej"]
[Result "0-1"]
[WhiteTitle "II"]
[BlackTitle "CM"]
[WhiteElo "1194"]
[BlackElo "1418"]

1. d4 e6 2. Nf3 c5 3. e3 d5 4. b3 Nf6 5. Be2 a6 6. a4 Nc6 7. Bb2 b6 8. O-O Bb7
9. c4 Rc8 10. Na3 Ne4 11. Nd2 Nxd2 12. Qxd2 cxd4 13. exd4 dxc4 14. bxc4 Bb4 15.
Qe3 Ne7 16. Bd3 O-O 17. Rfd1 Ng6 18. Nc2 Bd6 19. Ba3 Bf4 20. Qe1 Qg5 21. Be4 Bxh2+
22. Kxh2 Qh4+ 23. Kg1 Bxe4 24. Bxf8 Bxg2 25. Kxg2 Nf4+ 26. Kg1 Qg4+ 27. Kh1 Qg2#
0-1

[Event "Mistrzostwa Polski Mlodzikow do 10 lat  - chlopcy"]
[Site "Chrusty k. Zagnanska"]
[Date "1899-12-30"]
[Round "7.6"]
[White "Sowinski, Pawel"]
[Black "Ptaszynski, Szymon"]
[Result "1-0"]
[WhiteTitle "II"]
[BlackTitle "II"]
[WhiteElo "1142"]
[BlackElo "1312"]

1. d4 Nf6 2. c4 e6 3. Nf3 b6 4. Bg5 Be7 5. Bxf6 Bxf6 6. e4 d6 7. Nc3 Nd7 8. Be2
Bb7 9. Qc2 O-O 10. h4 c5 11. d5 exd5 12. exd5 Re8 13. O-O-O Ne5 14. Nxe5 Bxe5
15. Bd3 h6 16. g4 Kf8 17. Ne2 Qf6 18. Kb1 Ke7 19. f4 Bxf4 20. Rdf1 g5 21. Bf5
Kd8 22. Nxf4 gxf4 23. Rxf4 Re7 24. Qf2 Qg7 25. Re1 Bc8 26. Rfe4 Re5 27. Rxe5 dxe5
28. Bxc8 Rxc8 29. Qf5 Qg6 30. Qxg6 fxg6 31. Rxe5 Kd7 32. Re6 Rg8 33. b3 Rg7 34.
Kc2 Rg8 35. Kd3 Rg7 36. Ke4 Re7 37. Rxe7+ Kxe7 38. Ke5 a6 39. a4 h5 40. g5 a5
41. d6+ Kd7 42. Kd5 1-0

[Event "Mistrzostwa Polski Mlodzikow do 10 lat  - chlopcy"]
[Site "Chrusty k. Zagnanska"]
[Date "1899-12-30"]
[Round "7.7"]
[White "Adamala, Jacek"]
[Black "Karp, Kacper"]
[Result "1/2-1/2"]
[WhiteTitle "II"]
[BlackTitle "II+"]
[WhiteElo "1310"]
[BlackElo "1287"]

1. e4 c5 2. Nf3 e6 3. d4 cxd4 4. Nxd4 Nf6 5. Nc3 d6 6. Be3 a6 7. a4 b6 8. f3 Bb7
9. Qd2 Nbd7 10. Rd1 Rc8 11. Nb3 Be7 12. Be2 O-O 13. O-O Ne5 14. Qd4 Nfd7 15. Bf4
Nc6 16. Qf2 Nc5 17. Nxc5 bxc5 18. Qg3 Nd4 19. Bd3 Qb6 20. b3 c4 21. Be3 cxd3 22.
Rxd3 e5 23. f4 Qb4 24. fxe5 dxe5 25. Qxe5 Bf6 26. Rxf6 Ne2+ 27. Nxe2 gxf6 28.
Qg3+ Kh8 29. Bd4 Rc6 30. Qf2 Qe7 31. Rf3 Kg7 32. Qg3+ Kh8 1/2-1/2

[Event "Mistrzostwa Polski Mlodzikow do 10 lat  - chlopcy"]
[Site "Chrusty k. Zagnanska"]
[Date "1899-12-30"]
[Round "7.8"]
[White "Murawski, Milosz"]
[Black "Mulawa, Cyprian"]
[Result "0-1"]
[WhiteTitle "II"]
[BlackTitle "II"]
[WhiteElo "1068"]
[BlackElo "1191"]

1. c4 Nf6 2. Nc3 g6 3. Nf3 Bg7 4. g3 O-O 5. Bg2 d6 6. O-O e5 7. d3 Nc6 8. a3 a5
9. Rb1 Bg4 10. h3 Bd7 11. Bd2 Re8 12. b4 axb4 13. axb4 Nd4 14. Nxd4 exd4 15. Ne4
Nxe4 16. dxe4 Bc6 17. f3 b6 18. b5 Bb7 19. Qc2 Qe7 20. Rbe1 Be5 21. Kh2 h5 22.
Bb4 h4 23. f4 hxg3+ 24. Kh1 Bg7 25. e5 Qe6 26. f5 Bxg2+ 27. Kxg2 gxf5 28. exd6
cxd6 29. Qxf5 Qxf5 30. Rxf5 Be5 31. Rg5+ Kh7 32. Rh5+ Kg6 33. Rh4 f5 34. Bd2 Rh8
35. Rxh8 Rxh8 36. Rf1 Ra8 37. Bf4 Ra2 38. Bxe5 dxe5 39. Kxg3 Rxe2 40. Rg1 Kh5
41. Rf1 Re3+ 42. Rf3 f4+ 43. Kf2 Rxf3+ 44. Kxf3 d3 45. Kf2 e4 46. c5 e3+ 47. Kf3
d2 48. Ke2 f3+ 49. Kd1 f2 50. cxb6 f1=Q+ 51. Ke1 Qf2+ 0-1

[Event "Mistrzostwa Polski Mlodzikow do 10 lat  - chlopcy"]
[Site "Chrusty k. Zagnanska"]
[Date "1899-12-30"]
[Round "7.9"]
[White "Wielgus, Wojciech"]
[Black "Rozek, Michal"]
[Result "1-0"]
[WhiteTitle "I"]
[BlackTitle "II"]
[WhiteElo "1517"]
[BlackElo "1196"]

1. e4 d5 2. exd5 Nf6 3. d4 Nxd5 4. Be2 Bf5 5. Nf3 e6 6. O-O Be7 7. c3 Nc6 8. Re1
O-O 9. Bf1 a6 10. Nbd2 Re8 11. Nc4 b5 12. Nce5 Nxe5 13. Nxe5 c5 14. dxc5 Bxc5
15. Qf3 Bd6 16. g3 Qc7 17. Ng4 Rab8 18. Ne3 Nxe3 19. Bxe3 Red8 20. Rad1 Be5 21.
a3 h6 22. Bg2 Rxd1 23. Rxd1 Rd8 24. Qe2 Rd6 25. Rd2 Qd7 26. Qd1 Rxd2 27. Qxd2
Qxd2 28. Bxd2 Bd3 29. f4 Bc7 30. Kf2 Kf8 31. Bb7 a5 32. Ba6 Bc4 33. a4 Bb6+ 34.
Be3 Bxe3+ 35. Kxe3 Ke7 36. Bxb5 Bb3 37. Kd4 Kd6 38. c4 f6 39. c5+ Kc7 40. Kc3
Bd1 41. b4 axb4+ 42. Kxb4 Bf3 43. Kc3 Bg2 44. Kd4 Bh1 45. a5 Bg2 46. a6 Bh1 47.
Bc4 Kd7 48. Bb5+ Kc7 49. Kc4 Bg2 50. Kb4 Bf3 51. Bc4 Kd7 52. Kb5 e5 53. fxe5 fxe5
54. Kb6 1-0

[Event "Mistrzostwa Polski Mlodzikow do 10 lat  - chlopcy"]
[Site "Chrusty k. Zagnanska"]
[Date "1899-12-30"]
[Round "7.10"]
[White "Jaworski, Tymon"]
[Black "Skrzypinski, Jan"]
[Result "0-1"]
[WhiteTitle "II"]
[BlackTitle "II"]
[WhiteElo "1403"]
[BlackElo "1194"]

1. e4 c5 2. Nf3 d6 3. c3 Nf6 4. h3 e6 5. Bd3 d5 6. e5 Nfd7 7. Bc2 Nc6 8. d4 Be7
9. O-O Qb6 10. h4 O-O 11. Qd3 g6 12. h5 cxd4 13. hxg6 fxg6 14. cxd4 Nb4 15. Qb3
Nxc2 16. Qxc2 Rxf3 17. gxf3 Qxd4 18. f4 Qc5 19. Qd3 a6 20. Be3 Qb5 21. Qxb5 axb5
22. Nc3 b4 23. Nb5 Nc5 24. Bxc5 Bxc5 25. Rac1 b6 26. a3 Bd7 27. axb4 Bxb5 28.
bxc5 Bxf1 29. Kxf1 bxc5 30. Rxc5 Rd8 31. Rc6 h5 32. Rxe6 Kf7 33. f5 gxf5 34. Rf6+
Kg7 35. Rxf5 Kg6 36. Rf6+ Kg7 37. f4 h4 38. Kg2 d4 39. Rc6 d3 40. Rc1 d2 41. Rd1
Kg6 42. Kh3 Kf5 43. b4 Kxf4 44. e6 Ke3 45. b5 Rd6 46. Rb1 Rxe6 47. Rb3+ Ke2 48.
Rb2 Ke1 49. b6 d1=Q 50. b7 Qf3+ 51. Kh2 Qg3+ 52. Kh1 Qh3+ 53. Rh2 Qf1# 0-1

[Event "Mistrzostwa Polski Mlodzikow do 10 lat  - chlopcy"]
[Site "Chrusty k. Zagnanska"]
[Date "1899-12-30"]
[Round "7.11"]
[White "Zieba, Hubert"]
[Black "Wojtacha, Krzysztof"]
[Result "1-0"]
[WhiteTitle "II"]
[BlackTitle "II"]
[WhiteElo "1331"]
[BlackElo "1150"]

1. c4 e5 2. Nc3 d6 3. g3 f5 4. Bg2 Nf6 5. e3 c6 6. Nge2 Be7 7. O-O O-O 8. d4 Na6
9. a3 Bd7 10. c5 exd4 11. cxd6 dxc3 12. dxe7 Qxe7 13. Nxc3 Nc5 14. b4 Nce4 15.
Nxe4 fxe4 16. Bb2 Rad8 17. Bxf6 Rxf6 18. Qc2 Bf5 19. Rad1 Rfd6 20. Rxd6 Rxd6 21.
Rd1 Rd3 22. Qc4+ Be6 23. Qc1 Qd6 24. Rxd3 Qxd3 25. Bf1 Qd5 26. Qc2 Kf8 27. Kg2
Ke8 28. Qc3 Qd7 29. Qe5 Qe7 30. Kg1 Bd5 31. Qb8+ Kf7 32. Qxa7 b5 33. Qd4 Qf6 34.
Qa7+ Qe7 35. Qa8 Qe8 36. Qb7+ Qe7 37. Qc8 Qe6 38. Qc7+ Qe7 39. Qf4+ Qf6 40. Qg4
Qg6 41. Qd7+ Kf8 42. Bxb5 Qe8 43. Qxe8+ Kxe8 44. Be2 Kd7 45. Kf1 Kc7 46. Ke1 Kb6
47. Kd2 c5 48. Kc3 g5 49. a4 cxb4+ 50. Kxb4 Ka7 51. Kc5 Bb7 52. a5 Ka8 53. a6
Bc8 54. Bc4 Bd7 55. Kb6 Kb8 56. a7+ Kc8 57. a8=R# 1-0

[Event "Mistrzostwa Polski Mlodzikow do 10 lat  - chlopcy"]
[Site "Chrusty k. Zagnanska"]
[Date "1899-12-30"]
[Round "7.12"]
[White "Bartoszczuk, Adam"]
[Black "Raczek, Krzysztof"]
[Result "1-0"]
[WhiteTitle "II"]
[BlackTitle "II"]
[WhiteElo "1180"]
[BlackElo "1290"]

1. e4 c5 2. Nf3 d6 3. Bb5+ Nd7 4. O-O a6 5. Bd3 b5 6. c4 b4 7. Bc2 Bb7 8. Re1 e5
9. a3 a5 10. axb4 axb4 11. Rxa8 Bxa8 12. d3 g6 13. Nbd2 Bg7 14. Nf1 Ne7 15. Ne3
O-O 16. Ng4 h5 17. Nh6+ Kh8 18. Qe2 Ng8 19. Nxg8 Kxg8 20. Bg5 f6 21. Be3 g5 22.
h3 h4 23. Ra1 Re8 24. Qd1 Nf8 25. Ra7 Qb8 26. Qa1 Ne6 27. Qa6 Nd4 28. Bxd4 exd4
29. Ba4 Rd8 30. Nd2 Qc8 31. Qa5 Rf8 32. Bd7 Qd8 33. Be6+ Kh8 34. Qa4 Qb8 35. Qd7
Qxa7 36. Qxa7 Bc6 37. Qa6 Be8 38. Qxd6 Bh5 39. Kf1 Bd1 40. Bd5 Rc8 41. Qd7 Rf8
42. Qc6 Bc2 43. Ke2 f5 44. exf5 Rxf5 45. Qe8+ Bf8 46. Qe6 Bxd3+ 47. Kxd3 Rf3+
48. gxf3 Kg7 49. Qf7+ Kh6 50. Be4 Bd6 51. Qg6# 1-0

[Event "Mistrzostwa Polski Mlodzikow do 10 lat  - chlopcy"]
[Site "Chrusty k. Zagnanska"]
[Date "1899-12-30"]
[Round "7.13"]
[White "Musin, Pawel"]
[Black "Sniadecki, Oskar"]
[Result "1-0"]
[WhiteTitle "II"]
[BlackTitle "II"]
[WhiteElo "1151"]
[BlackElo "1277"]

1. e4 c5 2. Nf3 d6 3. Nc3 Nf6 4. d4 cxd4 5. Nxd4 a6 6. a3 g6 7. Bd3 Bg7 8. h3 Nc6
9. Be3 Bd7 10. O-O O-O 11. Qd2 Rc8 12. f4 Na5 13. Qe2 Nh5 14. Rf3 b5 15. g4 Nf6
16. Rg3 Nc4 17. Bxc4 Rxc4 18. a4 Nxe4 19. Nxe4 Bxd4 20. Bxd4 Rxd4 21. f5 Qb6 22.
Kh2 Bc6 23. Qe3 Rb8 24. a5 Qa7 25. c3 Bxe4 26. Qxd4 Qxd4 27. cxd4 Rc8 28. fxg6
hxg6 29. Rb3 Rc2+ 30. Kg3 Rg2+ 31. Kf4 Bd5 32. Rb4 Rf2+ 33. Kg3 Rf3+ 34. Kh2 e5
35. dxe5 dxe5 36. Rd1 Bb7 37. Rd7 Rf2+ 38. Kg1 Rg2+ 39. Kf1 Bf3 40. Rd3 e4 41.
Re3 Rh2 42. Kg1 Rxh3 43. Kf2 Bxg4 44. Rxh3 Bxh3 45. Rxe4 Kg7 46. Re7 g5 47. Ra7
Bc8 48. Rc7 Be6 49. Ra7 Kh6 50. Rxa6 Kh5 51. Rxe6 fxe6 52. a6 1-0

[Event "Mistrzostwa Polski Mlodzikow do 10 lat  - chlopcy"]
[Site "Chrusty k. Zagnanska"]
[Date "1899-12-30"]
[Round "7.14"]
[White "Pelka, Maciej"]
[Black "Olszewski, Antoni"]
[Result "1-0"]
[WhiteTitle "II"]
[BlackTitle "II"]
[WhiteElo "1227"]
[BlackElo "1061"]

1. e4 e5 2. Nf3 Nc6 3. d4 exd4 4. Nxd4 Bc5 5. Be3 Qf6 6. c3 Nge7 7. Bc4 Ne5 8.
Qe2 Qg6 9. O-O Qxe4 10. Nd2 Qg6 11. Bb3 Bxd4 12. Bxd4 N5c6 13. Rae1 O-O 14. f4
d6 15. Qf2 Bf5 16. Re3 Bd3 17. Rg3 Qf5 18. Rxg7+ Kh8 19. Rxf7+ Nxd4 20. Qxd4+
Kg8 21. Qg7# 1-0

[Event "Mistrzostwa Polski Mlodzikow do 10 lat  - chlopcy"]
[Site "Chrusty k. Zagnanska"]
[Date "1899-12-30"]
[Round "7.16"]
[White "Bochniak, Franciszek"]
[Black "Krol, Jan"]
[Result "0-1"]
[WhiteTitle "III"]
[BlackTitle "II"]
[WhiteElo "1059"]
[BlackElo "1310"]

1. e4 c5 2. Nf3 d6 3. d4 cxd4 4. Nxd4 Nf6 5. Nc3 g6 6. f3 Bg7 7. Be3 a6 8. Qd2
Nc6 9. O-O-O O-O 10. h4 h5 11. Be2 Bd7 12. Bc4 Rc8 13. Bb3 Na5 14. g3 b5 15. Kb1
Nc4 16. Bxc4 Rxc4 17. Nb3 Qc7 18. Rc1 a5 19. a3 b4 20. Nd5 Nxd5 21. Qxd5 bxa3
22. bxa3 a4 23. Qa5 axb3 24. Qxc7 Rxc7 25. cxb3 Rb7 26. b4 Ra8 27. Bd2 Rxa3 28.
Bc3 Bxc3 29. Kc2 Ba4+ 30. Kd3 Bb2+ 31. Kd2 Bxc1+ 32. Rxc1 Rxb4 33. Rc8+ Kg7 34.
Rc1 Rb2+ 35. Ke1 Re3+ 36. Kf1 Bb5+ 37. Kg1 Rxf3 38. Re1 Rff2 39. Re2 Rfxe2 40.
e5 Rb1# 0-1

[Event "Mistrzostwa Polski Mlodzikow do 10 lat  - chlopcy"]
[Site "Chrusty k. Zagnanska"]
[Date "1899-12-30"]
[Round "7.17"]
[White "Komendecki, Antoni"]
[Black "Krasniewski, Maciej"]
[Result "0-1"]
[WhiteTitle "II"]
[BlackTitle "II"]
[WhiteElo "1123"]
[BlackElo "1232"]

1. c4 g6 2. d4 Bg7 3. e4 d6 4. Nc3 Nf6 5. f3 O-O 6. Be3 Nc6 7. Qd2 Nd7 8. g4 e5
9. d5 Nd4 10. Bxd4 exd4 11. Nb5 Re8 12. Bd3 Nc5 13. Ne2 Qh4+ 14. Ng3 Qe7 15. O-O-O
a6 16. Na3 Bd7 17. Ne2 Ba4 18. Bc2 Bxc2 19. Nxc2 d3 20. Ng3 dxc2 21. Qxc2 b5 22.
b4 Na4 23. Ne2 Nb2 24. cxb5 Nxd1 25. Rxd1 axb5 26. Kb1 Qf6 27. Nd4 Ra4 28. Nb3
Rxb4 29. Kc1 Rc4 0-1

[Event "Mistrzostwa Polski Mlodzikow do 10 lat  - chlopcy"]
[Site "Chrusty k. Zagnanska"]
[Date "1899-12-30"]
[Round "7.21"]
[White "Wolak, Maciej"]
[Black "Zmuda, Tomasz"]
[Result "1-0"]
[WhiteTitle "II"]
[BlackTitle "II"]
[WhiteElo "1101"]
[BlackElo "1191"]

1. e4 c5 2. Nf3 a6 3. d4 cxd4 4. Nxd4 Nf6 5. Nc3 e5 6. Nb3 Bb4 7. Bd3 O-O 8. Bd2
Bxc3 9. Bxc3 d5 10. exd5 Nxd5 11. Bd2 Nf4 12. Bxf4 exf4 13. O-O Qg5 14. Qf3 Nc6
15. Kh1 g6 16. Be4 Ne5 17. Qc3 Ng4 18. h3 Ne5 19. Nd2 Qh5 20. Nf3 Nxf3 21. Qxf3
Qb5 22. Qxf4 Qxb2 23. Rfb1 Qd4 24. Qe3 Qf6 25. c3 Re8 26. Qf3 Qxf3 27. Bxf3 Rb8
28. Rb6 Re5 29. Rab1 Rf5 30. Kg1 Ra5 31. R1b2 Kf8 32. Kf1 h5 33. Ke2 Kg7 34. Kd3
Bf5+ 35. Ke3 Rc8 36. Kd4 Rd8+ 37. Kc4 Ra3 38. Bxb7 a5 39. Bd5 Rc8+ 40. Rc6 Rxc6+
41. Bxc6 Be6+ 42. Kd4 Rxa2 43. Rxa2 Bxa2 44. Ba4 Kf6 45. c4 Ke6 46. Kc5 f5 47.
f4 h4 48. Kb5 Kd6 49. Bc2 Ke6 50. c5 Bd5 51. Kxa5 Bxg2 52. Kb6 Kd7 53. Ba4+ Kc8
54. c6 Bd5 55. c7 Bc4 56. Bc6 Ba6 57. Bd5 Kd7 58. Bb7 1-0

[Event "Mistrzostwa Polski Mlodzikow do 10 lat  - chlopcy"]
[Site "Chrusty k. Zagnanska"]
[Date "1899-12-30"]
[Round "7.22"]
[White "Chomicki, Kornel"]
[Black "Duda, Leon"]
[Result "0-1"]
[WhiteTitle "III"]
[BlackTitle "II"]
[WhiteElo "1093"]
[BlackElo "1186"]

1. e4 c5 2. Nf3 d6 3. d4 cxd4 4. Nxd4 Nf6 5. Nc3 g6 6. f4 Nc6 7. Nf3 Bg7 8. Bd2
O-O 9. a3 Be6 10. Bd3 Qb6 11. b3 Ng4 12. Qe2 Nd4 13. Qf1 Nxc2+ 14. Bxc2 Bxc3 15.
Rd1 Ne3 16. Qe2 Nxc2+ 17. Kf1 Bxd2 18. Qxd2 Ne3+ 19. Ke1 Nxd1 20. Qxd1 Bg4 21.
Qd3 Rac8 22. Ke2 Qa6 23. Qxa6 bxa6 24. b4 Bxf3+ 25. gxf3 Rc3 26. Ra1 Rfc8 27.
a4 Rc2+ 28. Ke3 e5 29. fxe5 dxe5 30. Rd1 R8c3+ 31. Rd3 Rxd3+ 32. Kxd3 Rxh2 33.
b5 Ra2 34. Kc4 Rxa4+ 35. Kc5 axb5 36. Kxb5 Ra3 37. Kb4 Rxf3 38. Ka5 h5 39. Ka6
h4 40. Kb7 h3 41. Kb8 h2 42. Ka8 h1=Q 43. Kb8 Rc3 44. Kb7 Qxe4+ 45. Kb8 Qb4+ 46.
Ka8 g5 47. Kxa7 Ra3# 0-1

[Event "Mistrzostwa Polski Mlodzikow do 10 lat  - chlopcy"]
[Site "Chrusty k. Zagnanska"]
[Date "1899-12-30"]
[Round "7.23"]
[White "Zmarzly, Wiktor"]
[Black "Duda, Szymon"]
[Result "1-0"]
[WhiteTitle "II"]
[BlackTitle "III"]
[WhiteElo "1185"]
[BlackElo "1085"]

1. d4 d5 2. c4 e6 3. Nf3 Nf6 4. Nc3 Nc6 5. Bf4 a6 6. e3 Be7 7. a3 h6 8. h3 Bd6
9. Bxd6 Qxd6 10. c5 Qd8 11. Bd3 Bd7 12. O-O O-O 13. Qc2 Qe7 14. b4 Rac8 15. Ne2
b5 16. Qc3 Ra8 17. Ng3 Rfe8 18. Ne5 Nxe5 19. dxe5 Nh7 20. f4 c6 21. e4 f6 22.
exf6 Qxf6 23. Qxf6 Nxf6 24. e5 Nh7 25. Ne2 Rf8 26. Nd4 Kh8 27. h4 h5 28. g3 Rg8
29. a4 Rgf8 30. Bg6 a5 31. axb5 cxb5 32. bxa5 Kg8 33. c6 Bc8 34. Rfb1 Rd8 35.
c7 Rf8 36. Nxb5 Bd7 37. a6 Rfc8 38. a7 Nf8 39. Bxh5 Bxb5 40. Rxb5 Rxc7 41. Rba5
Nd7 42. Rb5 Raxa7 43. Rxa7 Rxa7 44. Be8 Kf8 45. Bxd7 Rxd7 46. Rb3 Rc7 47. Kf2
Kf7 48. Kf3 g6 49. Kg4 Kg7 50. h5 Kh6 51. hxg6 Kxg6 52. Rb6 Re7 53. f5+ Kf7 54.
f6 Ra7 55. Rd6 Ra3 56. Kh4 Re3 57. Rd7+ Kf8 58. g4 Rxe5 59. g5 Rf5 60. Kh5 Ke8
61. Re7+ Kf8 62. Rxe6 Rf4 63. Rd6 Kf7 64. g6+ Ke8 65. g7 Kf7 66. Rd7+ Ke8 67.
Re7+ 1-0

[Event "Mistrzostwa Polski Mlodzikow do 10 lat  - chlopcy"]
[Site "Chrusty k. Zagnanska"]
[Date "1899-12-30"]
[Round "7.24"]
[White "Pawlowski, Kamil"]
[Black "Fil, Grzegorz"]
[Result "1-0"]
[WhiteTitle "II"]
[BlackTitle "II"]
[WhiteElo "1054"]
[BlackElo "1184"]

1. e4 d5 2. exd5 Nf6 3. Nf3 Nxd5 4. d4 Nc6 5. Bc4 Nb6 6. Bb5 a6 7. Bxc6+ bxc6 8.
Ne5 Qd5 9. O-O Bf5 10. Nc3 Qd6 11. Qf3 Qe6 12. Nxc6 Bxc2 13. d5 Qd6 14. Bf4 Qd7
15. Ne5 Qc8 16. Bg3 f6 17. Rac1 Bf5 18. Nc6 g6 19. Qf4 h5 20. Qxc7 Qxc7 21. Bxc7
Rc8 22. Bxb6 g5 23. Rfd1 Bd7 24. Na4 f5 25. Ne5 Rxc1 26. Rxc1 e6 27. Nxd7 Kxd7
28. Rc7+ Kd6 29. dxe6 Kxe6 30. Nc5+ Bxc5 31. Rxc5 Rb8 32. Rc6+ Kd5 33. Rf6 Ke5
34. Bc7+ Kxf6 35. Bxb8 Ke6 36. Bc7 Kd5 37. Kf1 Kd4 38. Ke2 g4 39. Bb6+ Ke4 40.
f3+ gxf3+ 41. gxf3+ Kf4 42. Be3+ Ke5 43. f4+ Ke4 44. b4 Kd5 45. Kf3 Kc4 46. Bc5
h4 47. a4 Kd5 48. Kg2 Kc4 49. Kh3 Kd5 50. Kxh4 Kc6 51. Kg5 Kd5 52. h4 Kc6 53.
h5 Kd5 54. h6 Kc4 55. h7 Kd5 56. h8=Q Ke4 57. Qd4+ Kf3 58. Qe3+ Kg2 59. Qf2+ Kh3
60. Qf3+ Kh2 61. Bf2 a5 62. Qg3+ Kh1 63. Qg1# 1-0

[Event "Mistrzostwa Polski Mlodzikow do 10 lat  - chlopcy"]
[Site "Chrusty k. Zagnanska"]
[Date "1899-12-30"]
[Round "7.25"]
[White "Grobelny, Mikolaj"]
[Black "Jasiulewicz, Dawid"]
[Result "0-1"]
[WhiteTitle "II"]
[BlackTitle "II"]
[WhiteElo "1031"]
[BlackElo "1141"]

1. d4 d5 2. Nf3 Nf6 3. Bf4 e6 4. e3 c5 5. c3 a6 6. Bd3 Nc6 7. Nbd2 Be7 8. h3 b5
9. Qe2 c4 10. Bc2 a5 11. O-O O-O 12. e4 b4 13. e5 Nd7 14. Be3 a4 15. a3 b3 16.
Bb1 f6 17. Nh4 f5 18. Nhf3 f4 19. Nh2 fxe3 20. fxe3 Rxf1+ 21. Nhxf1 Bg5 22. Qg4
Nf8 23. Nf3 Bh6 24. e4 Bc1 25. exd5 exd5 26. Bxh7+ Nxh7 27. Qg6 Bxb2 28. Qxc6
Ra6 29. Qb5 Bxa1 30. Qb4 Kf7 31. Ng3 Qb6 32. Qxb6 Rxb6 33. Nd2 Bxc3 34. Nb1 Bxd4+
35. Kf1 c3 36. Nxc3 Bxc3 37. Ne2 Ba6 38. e6+ Kxe6 39. g4 b2 40. g5 b1=Q+ 41. Kf2
Qe1+ 0-1

[Event "Mistrzostwa Polski Mlodzikow do 10 lat  - chlopcy"]
[Site "Chrusty k. Zagnanska"]
[Date "1899-12-30"]
[Round "7.28"]
[White "Maciejek, Marcel"]
[Black "Goral, Antoni"]
[Result "1-0"]
[WhiteTitle "II"]
[BlackTitle "III"]
[WhiteElo "1165"]
[BlackElo "1047"]

1. e4 c5 2. Nf3 e6 3. d4 cxd4 4. Nxd4 a6 5. Nc3 b5 6. a3 Qc7 7. Bd3 Bb7 8. Nf3
d6 9. Be3 Nf6 10. h3 Be7 11. O-O O-O 12. Qe2 Nbd7 13. Rfe1 e5 14. Bd2 h6 15. Qe3
d5 16. exd5 Nxd5 17. Nxd5 Bxd5 18. Nxe5 Bg5 19. f4 Nxe5 20. Qxe5 Qxe5 21. Rxe5
Bf6 22. Rxd5 Bxb2 23. Ra2 Bf6 24. Be4 Rfe8 25. Bf3 Rad8 26. Rxd8 Rxd8 27. Ba5
Rd4 28. g3 Ra4 29. Bb4 a5 30. Bc5 Bc3 31. Be2 b4 32. Bb5 Rxa3 33. Rxa3 bxa3 34.
Bxa3 Bb4 35. Bxb4 axb4 36. Kf2 Kf8 37. Ke3 Ke7 38. Ke4 Kd6 39. Kd4 g5 40. fxg5
hxg5 41. Kc4 f5 42. Kxb4 f4 43. gxf4 gxf4 44. Be2 Kc6 45. c4 Kc7 46. Kc5 Kc8 47.
Kc6 f3 48. Bxf3 Kb8 49. Kb6 Kc8 50. Bg4+ Kb8 51. c5 Ka8 52. c6 Kb8 53. c7+ Ka8
54. Bf3# 1-0

[Event "Mistrzostwa Polski Mlodzikow do 10 lat  - chlopcy"]
[Site "Chrusty k. Zagnanska"]
[Date "1899-12-30"]
[Round "7.31"]
[White "Makuch, Tomasz"]
[Black "Przewlocki, Marcin"]
[Result "0-1"]
[WhiteTitle "III"]
[BlackTitle "II"]
[WhiteElo "1149"]
[BlackElo "1173"]

1. e4 e5 2. Nf3 Nc6 3. d4 exd4 4. Nxd4 Bc5 5. Nxc6 bxc6 6. Nc3 d6 7. Bc4 Nf6 8.
Bg5 O-O 9. Qf3 Be6 10. Be2 Rb8 11. O-O-O Qe7 12. h4 h6 13. Be3 Bxe3+ 14. fxe3
Bg4 15. Qg3 Bxe2 16. Nxe2 Nxe4 17. Qf4 d5 18. Nd4 Qb4 19. Nb3 a5 20. Rd4 Qb6 21.
g4 f6 22. c4 Nd6 23. c5 Qb5 24. cxd6 cxd6 25. Qxd6 a4 26. Qe6+ Kh8 27. g5 axb3
28. gxh6 Qc5+ 29. Kd2 Qc2+ 30. Ke1 gxh6 31. Rg1 Rbe8 32. Qh3 Qc1+ 33. Kf2 Qxb2+
34. Kf3 bxa2 35. Qg3 Re7 36. Rg4 Qb8 37. Qxb8 Rxb8 38. Ra4 Rbe8 39. Re1 c5 40.
Rxa2 d4 41. e4 f5 42. e5 Rxe5 43. Rxe5 Rxe5 44. Ra7 d3 45. Rc7 Rd5 46. Ke3 d2
0-1

[Event "Mistrzostwa Polski Mlodzikow do 10 lat  - chlopcy"]
[Site "Chrusty k. Zagnanska"]
[Date "1899-12-30"]
[Round "8.1"]
[White "Grot, Blazej"]
[Black "Seemann, Jakub"]
[Result "1/2-1/2"]
[WhiteTitle "CM"]
[BlackTitle "II+"]
[WhiteElo "1418"]
[BlackElo "1627"]

1. e4 e5 2. Nf3 Nc6 3. c3 d5 4. Qa4 dxe4 5. Nxe5 Qd5 6. Nxc6 bxc6 7. Bc4 Qd6 8.
O-O Be7 9. Re1 Nf6 10. d3 Ng4 11. g3 exd3 12. Bf4 Qc5 13. Be3 Nxe3 14. Rxe3 O-O
15. Nd2 Bf5 16. Nf3 Bf6 17. Bxd3 Bxd3 18. Rxd3 Rab8 19. Qc2 Qf5 20. b3 Rbd8 21.
Rad1 g6 22. R1d2 Rxd3 23. Qxd3 Qa5 24. c4 Rd8 25. Qe2 Rxd2 26. Qxd2 Qf5 27. Qe2
g5 28. Kg2 g4 29. Nh4 Bxh4 30. gxh4 Kg7 31. Qe7 1/2-1/2

[Event "Mistrzostwa Polski Mlodzikow do 10 lat  - chlopcy"]
[Site "Chrusty k. Zagnanska"]
[Date "1899-12-30"]
[Round "8.2"]
[White "Wierzbicki, Dawid"]
[Black "Borowik, Wojciech"]
[Result "1/2-1/2"]
[WhiteTitle "I"]
[BlackTitle "II+"]
[WhiteElo "1419"]
[BlackElo "1527"]

1. e4 c5 2. Nc3 d6 3. g3 Nc6 4. d3 g6 5. Bg2 Bg7 6. Be3 Rb8 7. Qd2 Nd4 8. Nd1 b5
9. c3 Nc6 10. Ne2 Bg4 11. h3 Bxe2 12. Qxe2 Nf6 13. f4 Qc7 14. Qf3 e5 15. f5 O-O
16. O-O b4 17. Bg5 Qb6 18. Kh2 bxc3 19. bxc3 Ne7 20. Ne3 h6 21. Bxf6 Bxf6 22.
Ng4 Bg5 23. f6 Nc6 24. Rad1 h5 25. Ne3 Qa5 26. Nd5 Qd8 27. h4 Bh6 28. Qe2 Kh7
29. Bh3 Rb7 30. Rb1 Qb8 31. Rxb7 Qxb7 32. Ne3 Bxe3 33. Qxe3 Qb2+ 34. Rf2 Qxc3
35. Qg5 Nd4 36. Bf1 Qe1 37. Kg2 Rb8 38. g4 Rb1 39. gxh5 Ne6 40. hxg6+ fxg6 41.
f7 Nf4+ 42. Rxf4 exf4 43. Qxf4 Qxf1+ 44. Qxf1 Rxf1 45. Kxf1 Kg7 46. Kf2 Kxf7 47.
Ke3 Ke6 48. Kf4 Kf6 49. Kg4 Kf7 50. Kf4 Kf6 51. Kg4 Kf7 52. Kf4 Kf6 53. Kg4 Kf7
1/2-1/2

[Event "Mistrzostwa Polski Mlodzikow do 10 lat  - chlopcy"]
[Site "Chrusty k. Zagnanska"]
[Date "1899-12-30"]
[Round "8.3"]
[White "Musial, Igor"]
[Black "Baszczynski, Gabriel"]
[Result "1-0"]
[WhiteTitle "II+"]
[BlackTitle "II"]
[WhiteElo "1399"]
[BlackElo "1299"]

1. e4 e5 2. Nf3 Nf6 3. Nxe5 d6 4. Nf3 Nxe4 5. Bd3 Nf6 6. O-O Be7 7. c3 O-O 8. Bc2
Bg4 9. d4 d5 10. Qd3 Re8 11. Ne5 Be6 12. f3 Nbd7 13. Bg5 g6 14. Nxd7 Qxd7 15.
Na3 Qc6 16. Qb5 Bd7 17. Qxc6 Bxc6 18. Rfe1 Kg7 19. Bd3 Bxa3 20. bxa3 h6 21. Bf4
Rac8 22. Be5 Re6 23. f4 Re7 24. g4 Rce8 25. g5 hxg5 26. fxg5 Kh7 27. gxf6 Re6
28. Bg3 Rxf6 29. Rxe8 Bxe8 30. Re1 Bc6 31. Kg2 Ba4 32. Re7 Rc6 33. Rxf7+ Kg8 34.
Rxc7 Rb6 35. Be5 Rb2+ 36. Kg3 Rxa2 37. Bxg6 Rxa3 38. Rc8+ 1-0

[Event "Mistrzostwa Polski Mlodzikow do 10 lat  - chlopcy"]
[Site "Chrusty k. Zagnanska"]
[Date "1899-12-30"]
[Round "8.4"]
[White "Mulawa, Cyprian"]
[Black "Bartodziej, Bartosz"]
[Result "1-0"]
[WhiteTitle "II"]
[BlackTitle "II"]
[WhiteElo "1191"]
[BlackElo "1468"]

1. e4 c5 2. Nf3 e6 3. c3 Nc6 4. d4 cxd4 5. cxd4 d5 6. exd5 exd5 7. Be2 Nf6 8. O-O
Bf5 9. Re1 Be7 10. a3 O-O 11. Nc3 Re8 12. Bg5 Ne4 13. Bxe7 Rxe7 14. Qb3 Be6 15.
Rad1 Rc8 16. Nxe4 dxe4 17. d5 Na5 18. Qa2 Bf5 19. Nd4 Bg6 20. b4 e3 21. bxa5 Qxa5
22. Bg4 Rce8 23. fxe3 Rxe3 24. Rxe3 Rxe3 25. Qf2 Rxa3 26. Qe2 h6 27. d6 Qd5 28.
d7 f5 29. Qe6+ Qxe6 30. Nxe6 Rd3 31. Rxd3 b5 32. d8=Q+ Kf7 33. Ng5+ hxg5 34. Rd7+
Ke6 35. Qe7# 1-0

[Event "Mistrzostwa Polski Mlodzikow do 10 lat  - chlopcy"]
[Site "Chrusty k. Zagnanska"]
[Date "1899-12-30"]
[Round "8.5"]
[White "Wielgus, Wojciech"]
[Black "Sowinski, Pawel"]
[Result "1-0"]
[WhiteTitle "I"]
[BlackTitle "II"]
[WhiteElo "1517"]
[BlackElo "1142"]

1. e4 e5 2. Nf3 Nf6 3. Nxe5 d6 4. Nf3 Nxe4 5. d4 d5 6. Bd3 Bg4 7. O-O Be7 8. Re1
f5 9. Be2 Bxf3 10. Bxf3 O-O 11. c3 Bg5 12. Bxg5 Qxg5 13. Qb3 Qh4 14. Qxd5+ Kh8
15. Rf1 c6 16. Qb3 b5 17. Qc2 Ng5 18. Nd2 Rf6 19. Rfe1 Na6 20. Qd3 Rh6 21. Nf1
Rg6 22. Kh1 Rh6 23. Qe3 Rg8 24. g3 f4 25. gxh4 fxe3 26. hxg5 1-0

[Event "Mistrzostwa Polski Mlodzikow do 10 lat  - chlopcy"]
[Site "Chrusty k. Zagnanska"]
[Date "1899-12-30"]
[Round "8.6"]
[White "Warchol, Kamil"]
[Black "Pelka, Maciej"]
[Result "1-0"]
[WhiteTitle "CM"]
[BlackTitle "II"]
[WhiteElo "1431"]
[BlackElo "1227"]

1. e4 c5 2. Nf3 g6 3. d4 cxd4 4. Qxd4 Nf6 5. Nc3 Nc6 6. Qa4 e5 7. Bb5 Bg7 8. Bxc6
dxc6 9. Nxe5 Ng4 10. Nxg4 Bxg4 11. O-O O-O 12. Qc4 Qe7 13. h3 Be6 14. Qe2 f5 15.
exf5 Rxf5 16. Re1 Re8 17. Be3 Bxc3 18. bxc3 Qf7 19. a3 Bd5 20. Qd2 Rd8 21. c4
Qf6 22. cxd5 Rdxd5 23. Qe2 c5 24. Rad1 Rde5 25. Qc4+ Kf8 26. Bh6+ Ke7 27. Qxc5+
Ke8 28. Qc8+ Ke7 29. Qd7# 1-0